MARC

LEADER 00000nam0a2200000 4500
001 335042
005 20231102004720.0
010 |a 5247031520 
020 |a RU  |b 93-18607 
035 |a (RuTPU)RU\TPU\book\361369 
090 |a 335042 
100 |a 20170913d1993 k y0rusy5003 ca 
101 0 |a rus 
102 |a RU 
105 |a a z 001zy 
200 1 |a Охрана окружающей среды при эксплуатации хвостохранилищ  |f П. В. Бересневич, П. К. Кузьменко, Н. Г. Неженцева 
210 |a Москва  |c Недра  |d 1993 
215 |a 128 с.  |c ил. 
320 |a Библиогр.: с. 125-127 
606 |a Хвостохранилища  |x Эксплуатация  |x Охрана окружающей среды  |2 stltpush  |3 (RuTPU)RU\TPU\subj\17163  |9 42971 
610 1 |a пылевыделение 
610 1 |a хвосты 
610 1 |a состав 
610 1 |a свойства 
610 1 |a характеристика 
610 1 |a пылевоздушные потоки 
610 1 |a классификация 
610 1 |a борьба 
610 1 |a средства 
610 1 |a снижение 
610 1 |a хвосты обогащения 
610 1 |a размещение 
610 1 |a утилизация 
610 1 |a рекультивация земель 
610 1 |a защита от вод 
675 |a 622.85  |z rus 
700 1 |a Бересневич  |b П. В.  |g Петр Васильевич 
701 1 |a Кузьменко  |b П. К.  |g Павел Константинович 
701 1 |a Неженцева  |b Н. Г.  |g Надежда Григорьевна 
801 0 |a RU  |b RuMRKP  |c 19950413  |g psbo 
801 1 |a RU  |b 63413507  |c 20170913 
801 2 |a RU  |b 63413507  |c 20170925  |g RCR 
942 |c BK